000 00578 a2200181 4500
020 _a0768906334
040 _aDLC
_bEnglish
082 0 0 _a378.1662
100 1 _aRimal, Rajiv N.,
245 1 0 _a30 days to the SAT : teacher-tested strategies and techniques for scoring high
_cRajiv N. Rimal, Peter Z. Orton.
246 3 _aThirty days to the SAT
250 _a2nd ed.
260 _aLawrenceville, NJ :
_bArco/Thomason Learning,
_cc2001.
300 _a199 p. :
_bill. ;
_c24 cm.
650 0 _aSAT (Educational test)
700 1 _aOrton, Peter Z.
942 _cBK
_k378.1662 RIM
_2ddc
999 _c7358
_d7358